Social justice philanthropy: approaches and strategies of funding organizations (Record no. 413832)

000 -LEADER
fixed length control field 00535cam a22001697a 4500
008 - FIXED-LENGTH DATA ELEMENTS--GENERAL INFORMATION
fixed length control field 180718b2009 xxu||||| |||| 00| 0 eng d
020 ## - INTERNATIONAL STANDARD BOOK NUMBER
International Standard Book Number 8131602044
082 ## - DEWEY DECIMAL CLASSIFICATION NUMBER
Classification number B2x54 T39s
100 ## - MAIN ENTRY--PERSONAL NAME
Personal name Thorat, Sukhadeo
245 ## - TITLE STATEMENT
Title Social justice philanthropy: approaches and strategies of funding organizations
Statement of responsibility, etc. by Sukhadeo Thorat, Gail Omvedt and Martin Macwan
260 ## - PUBLICATION, DISTRIBUTION, ETC.
Place of publication, distribution, etc. Jaipur
Name of publisher, distributor, etc. Rawat
Date of publication, distribution, etc. 2009
300 ## - PHYSICAL DESCRIPTION
Extent 303p.
650 ## - SUBJECT ADDED ENTRY--TOPICAL TERM
Topical term or geographic name entry element Social justice --India.
650 ## - SUBJECT ADDED ENTRY--TOPICAL TERM
Topical term or geographic name entry element Charities --India
700 ## - ADDED ENTRY--PERSONAL NAME
Personal name Macwan, Martin
700 ## - ADDED ENTRY--PERSONAL NAME
Personal name Omvedt, Gail
Holdings
Withdrawn status Lost status Damaged status Not for loan Permanent Location Current Location Date acquired Full call number Barcode Date last seen Price effective from Koha item type
        Indian Institute of Public Administration Indian Institute of Public Administration 2009-03-17 B2x54 T39s 83051 2018-07-21 2018-07-21 Book

Powered by Koha